000 00612nam a2200229Ia 4500
005 20260320201607.0
008 008 262003s9999 xx 000 0 eng d
037 _aEBOOK
040 _aCRL
040 _beng
040 _cCRL
041 _2eng
041 _aeng
084 _qCRL
100 _aIqbal
245 0 _aCoiled Tubing and Other Stimulation Techniques: Formation Damage, Well Stimulation Techniques for Production Enhancement
260 _bIEEE
856 _uhttps://ieeexplore.ieee.org/servlet/opac?bknumber=9218909
942 _cEBOOK
999 _c1722273
_d1722273